| 000 | 00652nam a2200241Ia 4500 | ||
|---|---|---|---|
| 003 | OSt | ||
| 005 | 20220918174335.0 | ||
| 006 | a|||||r|||| 00| 0 | ||
| 007 | ta | ||
| 008 | 220917b |||||||| |||| 00| 0 eng d | ||
| 024 | _a11,659 | ||
| 037 | _cTextual | ||
| 040 |
_aARTS _cARTS _beng |
||
| 041 |
_2eng _aeng |
||
| 082 | _a/\:36, L8z | ||
| 100 |
_aRajneesh Bhagwan Shree _945028 |
||
| 245 | 0 |
_aPassion for the impossible _b A darshan diary ed and comm by Ma Prem Maneesha |
|
| 260 | _c1978 | ||
| 300 |
_a438p. _ccm. |
||
| 650 | _aSPIRITUALISM | ||
| 942 |
_h/\:36, L8z _cTEXL _2CC |
||
| 999 |
_c152747 _d152747 |
||